[Event "Quebec-ch U10"]
[Site "Montreal"]
[Date "2009.11.29"]
[Round "4"]
[White "Gervais, Emile"]
[Black "Boissiere, Nicolas"]
[Result "1-0"]
[WhiteElo "1386"]
[BlackElo "1023"]
[PlyCount "81"]
[EventDate "2009.11.27"]
[EventType "swiss"]
[EventRounds "5"]
[EventCountry "CAN"]
[SourceTitle "EXT 2011"]
[Source "ChessBase"]
[SourceDate "2010.11.26"]
[SourceVersion "1"]
[SourceVersionDate "2010.11.26"]
[SourceQuality "1"]

1. e4 e5 2. Nf3 Nc6 3. Bc4 Nf6 4. Ng5 d5 5. exd5 Na5 6. d3 Nxc4 7. dxc4 h6 8. Nf3 Bd6 9. 0-0 0-0 10. Nc3 Bg4 11. Re1 c5 12. h3 Bh5 13. Qd3 Re8 14. Nh4 Nh7 15. Nf5 Bb8 16. d6 Qd7 17. Ne7+ Kh8 18. Rxe5 Bxd6 19. Rxh5 Rxe7 20. Rd5 Re1+ 21. Qf1 Rxf1+ 22. Kxf1 Qe6 23. Be3 Re8 24. Nb5 Bh2 25. Rxc5 a6 26. Nc7 Bxc7 27. Rxc7 Rc8 28. Rxb7 Qxc4+ 29. Kg1 Qxc2 30. Rxf7 Qxb2 31. Rd1 Ng5 32. Rxg7 Ne6 33. Rg6 Qe2 34. Rxh6+ Kg7 35. Rd7+ Kg8 36. Rg6+ Kf8 37. Rh7 Qd1+ 38. Kh2 Qa1 39. Bh6+ Ke8 40. Rg8+ Nf8 41. Rxf8# 1-0

[Event "Quebec-ch U10"]
[Site "Montreal"]
[Date "2009.11.27"]
[Round "1"]
[White "Saine, Zachary"]
[Black "Boissiere, Nicolas"]
[Result "1-0"]
[WhiteElo "1359"]
[BlackElo "1021"]
[PlyCount "41"]
[EventDate "2009.11.27"]
[EventType "swiss"]
[EventRounds "5"]
[EventCountry "CAN"]
[SourceTitle "EXT 2011"]
[Source "ChessBase"]
[SourceDate "2010.11.26"]
[SourceVersion "1"]
[SourceVersionDate "2010.11.26"]
[SourceQuality "1"]

1. e4 e5 2. Nf3 Nc6 3. Bc4 Nf6 4. Nc3 Bc5 5. 0-0 0-0 6. d3 d6 7. Bg5 Bg4 8. Nd5 Nd4 9. Nxf6+ gxf6 10. Bh6 Re8 11. Kh1 Nxf3 12. gxf3 Bh3 13. f4 Kh8 14. Rg1 Rg8 15. Qh5 Rxg1+ 16. Rxg1 Qd7 17. Bg7+ Kg8 18. Bxf6+ Kf8 19. Qxh7 Qg4 20. Qh8+ Qg8 21. Rxg8# 1-0